Statistics for Royalty Tudor Queen Consort Quiz: Jane Seymour

Click here to take the quiz!

General Stats

  • This quiz has been taken 187 times
  • The average score is 8 of 15

Answer Stats

HintAnswer% Correct
Did she support the Catholic or Protestant faithCatholic
90%
Which of her step-daughters did she try to have restored to the successionMary
90%
Did she receive a coronation ceremonyNo
90%
Name of her brother, who later married Queen Catherine ParrThomas
87%
Name of her brother, who was later Lord Protector of EnglandEdward
83%
How many queens did she serve as a maid of honourTwo
80%
What year did she marry Henry VIII1536
65%
How many days were there between Anne Bolyen's execution and Jane being betrothed to Henry VIIIOne
64%
What castle is she buried atWindsor Castle
47%
What bird did she crave whilst pregnant, which was imported from Flanders and Calais for herQuail
41%
What royal residence did she die atHampton Court Palace
36%
She begged the King to pardon the participants of what Yorkshire uprisingPilgrimage of Grace
28%
She is buried with Henry VIII, but which other King also shares her tombCharles 1st
23%
What was her motto as QueenBound to obey and serve
10%
What year was her son Edward born1937
3%

Score Distribution

Percentile by Number Answered

Percent of People with Each Score

Your Score History

You have not taken this quiz